000 02006cam a2200469 a 4500
001 8347
003 FISKH
005 20250910082133.0
008 091009s2009 nyua j bk 000 0beng
010 _a 2009042744
020 _a9781596434226
_qhbk.
020 _a1596434228
_qhbk.
040 _aDLC
_cDLC
_dDLC
_beng
050 0 0 _aML3930.R33
_bC57 2009
082 0 0 _a787.87/165092
_aB
_222
100 1 _aChristensen, Bonnie.
245 1 0 _aDjango /
_cBonnie Christensen.
260 _aNew York :
_bRoaring Brook Press,
_c2009.
300 _a30 unnumbered pages :
_bcolor illustrations ;
_c26 cm
336 _atext
_btxt
_2rdacontent
337 _aunmediated
_bn
_2rdamedia
338 _avolume
_bnc
_2rdacarrier
500 _a"A Neal Porter book."
504 _aIncludes bibliographical references and discography.
505 _aR
520 _aBorn into a traveling gypsy family, young Django Reinhardt taught himself guitar at an early age. He was soon acclaimed as the "Gypsy Genius" and "Prodigy Boy," but one day his world changed completely when a fire claimed the use of his fretting hand. Folks said Django would never play again, but with passion and perseverance he was soon setting the world's concert stages ablaze.
521 8 _a700
_bLexile
521 8 _aR
_bRaz-Plus
586 _aSchneider Family Book Award, Young Children, 2010.
600 1 0 _aReinhardt, Django,
_d1910-1953
_vJuvenile literature.
600 1 1 _aReinhardt, Django,
_d1910-1953.
650 0 _aGuitarists
_zFrance
_vBiography
_vJuvenile literature.
650 0 _aJazz musicians
_zFrance
_vBiography
_vJuvenile literature.
650 1 _aGuitarists.
650 1 _aJazz musicians.
655 0 _aPicture books for children.
655 7 _aLiterature.
_2lcgft
_0https://id.loc.gov/authorities/genreForms/gf2014026415
655 7 _aBiographies.
_2lcgft
_0https://id.loc.gov/authorities/genreForms/gf2014026049
906 _a7
_bcbc
_corignew
_d1
_eecip
_f20
_gy-gencatlg
942 _2ddc
_cBK
_n0
999 _c8347
_d8347